| 000 | 00531nam a22001697a 4500 | ||
|---|---|---|---|
| 005 | 20260218110041.0 | ||
| 008 | 260218b |||||||| |||| 00| 0 eng d | ||
| 020 | _a9789387791206 | ||
| 040 | _cVITAP | ||
| 082 |
_223rd Ed. _a823 HIN |
||
| 100 |
_aThe Hindu Group _917059 |
||
| 245 |
_aSlice of Summer _c/ The Hindu Group |
||
| 260 |
_aChennai _bTHG (The Hindu Group) Publishing Private Limited _c2024 |
||
| 300 | _a197p. : ill. ; 28cm | ||
| 650 | 0 |
_aShort stories - English; Children’s stories - India _917062 |
|
| 942 |
_2ddc _cREF |
||
| 999 |
_c47263 _d47263 |
||